Formas de vida: el arte moderno y la invención de sí
Na minha lista:
| Autor principal: | |
|---|---|
| Formato: | Livro |
| Idioma: | espanhol |
| Publicado em: |
Murcia, España
Centro de Documentación y Estudios Avanzados de Arte Contemporáneo
2009
|
| coleção: | Ad Litteram.
5 |
| Assuntos: | |
| Tags: |
Adicionar Tag
Sem tags, seja o primeiro a adicionar uma tag!
|
MARC
| LEADER | 00000cam a2200000 a 4500 | ||
|---|---|---|---|
| 001 | UCG8313 | ||
| 003 | CL-VaPUC | ||
| 005 | 20240731102208.0 | ||
| 008 | 111202e20090000SP |||||||||||||||||spa|d | ||
| 999 | |c 345930 |d 345928 | ||
| 020 | |a 9788496898516 | ||
| 040 | |c Pontificia Universidad Católica de Valparaíso | ||
| 082 | 0 | 4 | |a 709.04 BOU 2009 |2 21 |
| 100 | 0 | |a Bourriaud, Nicolas |9 559292 | |
| 245 | 1 | 0 | |a Formas de vida: el arte moderno y la invención de sí |
| 260 | 0 | 3 | |a Murcia, España |b Centro de Documentación y Estudios Avanzados de Arte Contemporáneo |c 2009 |
| 300 | |a 149 páginas | ||
| 490 | 0 | |a Ad Litteram. |v 5 | |
| 583 | |a last modification |c 20111202 14:14:00 |k Rodrigo Vera | ||
| 650 | 0 | |a Arte moderno |y Siglo 20 |9 265274 | |
| 650 | 0 | |a Crítica e interpretación |9 255042 | |
| 942 | |c BK |2 ddc | ||
| 945 | |d 20111202 00:00:00 |a dcastane | ||
| 952 | |0 0 |1 0 |2 ddc |4 0 |6 709_040000000000000_BOU_2009 |7 0 |8 A |9 446326 |a BIBART |b BIBART |d 2019-11-22 |i 4805909 |o 709.04 BOU 2009 |p 4805909 |r 2025-03-13 |t 1 |w 2019-11-22 |y BK |k ART | ||